Clarice Lispector : la náusea literaria /
Gespeichert in:
| 1. Verfasser: | |
|---|---|
| Weitere Verfasser: | |
| Format: | Buch |
| Sprache: | Spanisch |
| Veröffentlicht: |
Madrid, España :
Fórcola,
2013, c2013
|
| Schriftenreihe: | (Señales Fórcola ;
12) |
| Schlagworte: | |
| Tags: |
Keine Tags, Fügen Sie das erste Tag hinzu!
|
MARC
| LEADER | 00000nam^a2200000^a^4500 | ||
|---|---|---|---|
| 001 | 000424638 | ||
| 005 | 20250521000000.0 | ||
| 009 | 20260526144448.505 | ||
| 020 | |a 978-84-15174-74-5 | ||
| 037 | |a Acervo ITESO - Biblioteca | ||
| 041 | |a ESP | ||
| 082 | |a 869. 98106 |b HER | ||
| 100 | |a Hernández Terrazas, Carolina |e (autor) | ||
| 245 | 1 | 0 | |a Clarice Lispector : |b la náusea literaria / |c C. Hernández Terrazas ; pról. de E. Losada Soler. |
| 264 | 4 | |a Madrid, España : |b Fórcola, |c 2013, c2013 | |
| 300 | |a 202 p. | ||
| 336 | |a texto |b txt |2 rdacontenido | ||
| 337 | |a sin mediación |b n |2 rdamedio | ||
| 338 | |a volumen |b nc |2 rdasoporte | ||
| 440 | 1 | |a (Señales Fórcola ; |v 12) | |
| 521 | |a FIL 2019 DIA | ||
| 545 | 0 | |a La brasileña Clarice Lispector (Ucrania, 1920-Río de Janeiro, 1977), estudió Derecho en Río de Janeiro, aunque su vocación literaria se manifestó prácticamente desde la adolescencia. Obtuvo con su primer libro, Cerca del corazón salvaje (1943), el Premio Graça Aranha de ese año. Introductora de la línea introspectiva en la narrativa brasileña, usó en su escritura el fluir de conciencia, incluso antes de saber de James Joyce y Virginia Woolf. Preocupada por los límites de la palabra y por atrapar el misterio y lo inaprehensible, se mueve en una temática marcadamente intimisma y feminista. Lazos de familia (1960), La manzana en la oscuridad 1961), La pasión según G.H. (1963), Aprendizaje o el libro de los placeres (1969), Felicidad clandestina (1971) y La hora de la estrella (1977), son algunos de sus textos. | |
| 649 | |a XX | ||
| 650 | |a Escritores Brasileños | ||
| 650 | |a Mujeres Brasileñas | ||
| 650 | |a Literatura Brasileña - |y Siglo XX | ||
| 650 | |a Literatura Brasileña - |x Historia y Crítica | ||
| 650 | |a Literatura de Mujeres - |z Brasil - |x Historia y Crítica | ||
| 650 | |a Lispector, Clarice - |x Tema Principal | ||
| 700 | |a Losada Soler, Elena |e (prólogo) | ||
| 910 | |a Fondo General | ||
| 920 | |a Impresos - Libros | ||
| 930 | |a Colección General | ||
| 940 | |a Literatura | ||
| 905 | |a 101 | ||
| 901 | |a 0500340952 |b IT1 |c LIT |i C169878 |u 20250521 | ||
| 902 | |a https://opac.biblio.iteso.mx/vufind/Record/000424638 | ||